| 000 | 00000nam##2200000za#4500 |
| 001 | 9.616764 |
| 003 | CaOODSP |
| 005 | 20211126112848 |
| 007 | ta |
| 008 | 150406|1998||||xxc||||| f|0| 0 eng|d |
| 020 | |a0-662-27019-3 |
| 022 | |a1192-5434 |
| 040 | |aCaOODSP|beng |
| 043 | |an-cn--- |
| 086 | 1 |aFB3-2/98-10E |
| 110 | 2 |aBank of Canada. |
| 245 | 10|aFundamentals, contagion and currency crises : |ban empirical analysis / |cby Mark Kruger, Patrick N. Osakwe and Jennifer Page. |
| 260 | |aOttawa - Ontario : |bBank of Canada |c1998. |
| 300 | |a28p. : |bgraphs, references, tables ; |c28 cm. |
| 490 | 1 |aWorking paper|x1192-5434|v98-10 |
| 500 | |aThis paper examines the determinants of currency crises in Latin America, Asia and Africa. It asks two basic questions: (a) Are currency crises linked to economic fundamentals? and; (b) Is there any evidence of a contagion effect after controlling for the potential effects of economic fundamentals?...Our paper also provides empirical evidence in support of the idea that currency crises could be contagious.--Abstract |
| 520 | 3 |aThis paper examines the determinants of currency crises in Latin America, Asia and Africa. It asks two basic questions: (a) Are currency crises linked to economic fundamentals? and; (b) Is there any evidence of a contagion effect after controlling for the potential effects of economic fundamentals?...Our paper also provides empirical evidence in support of the idea that currency crises could be contagious.--Abstract |
| 546 | |a(Résumés en français.) |
| 563 | |aSoftcover |
| 690 | 07|aCurrency|2gcpds |
| 720 | 1 |aKruger, Mark |
| 720 | 1 |aPage, Jennifer |
| 720 | 1 |aOsakwe, Patrick N. |
| 776 | 0#|tFundamentals, contagion and currency crises : |w(CaOODSP)9.571676 |
| 830 | #0|aWorking paper,|x1192-5434|v98-10|w(CaOODSP)9.514622 |